| 000 | 02374nam0a2200349 4500 | ||
|---|---|---|---|
| 001 | RU\NLR\BIBL_A\012257560 | ||
| 005 | 20220310180404.0 | ||
| 010 |
_a978-5-8295-0650-6 _9100 |
||
| 021 |
_aRU _bКН-П-20-008534 _9КН-П-20-0654 |
||
| 035 | _a(NLR Aleph) 012257560 | ||
| 035 | _a(RuMoRGB)010274661 | ||
| 090 |
_a11113698 _c11113698 |
||
| 100 | _a20200326d2019 k y0rusy50 ca | ||
| 101 | 0 | _arus | |
| 102 | _aRU | ||
| 105 | _aa|||j|||000zy | ||
| 181 | 0 |
_ai _baxxe |
|
| 182 | 0 | _an | |
| 200 | 1 |
_aБиохимические показатели крови у спортсменов в покое и при физических нагрузках _eучебно-методическое пособие для студентов, обучающихся по программе магистратуры по направлениям подготовки 49.04.03 - Спорт и 49.04.01 - Физическая культура _fК. Р. Мехдиева, В. Э. Тимохина _gМинистерство науки и высшего образования Российской Федерации, Федеральное государственное автономное образовательное учреждение высшего образования Уральский федеральный университет имени первого Президента России Б. Н. Ельцина, Институт физической культуры, спорта и молодежной политики |
|
| 203 |
_aТекст _bвизуальный _cнепосредственный |
||
| 210 |
_aЕкатеринбург _cИзд-во УМЦ УПИ _d2019 |
||
| 215 |
_a59 с. _cил., табл. _d21 |
||
| 320 | _aБиблиогр.: с. 57-59 (20 назв.) | ||
| 606 | 1 |
_aКровь спортсменов _xВлияние физической нагрузки _jУчебно-методические пособия для высших учебных заведений _2nlr_sh2 _3RU\NLR\AUTH\6601701190 |
|
| 686 | 1 | _aЧ510.21я73 | |
| 700 | 1 |
_aМехдиева _bК. Р. _gКамилия Рамазановна |
|
| 701 | 1 |
_aТимохина _bВ. Э. _gВарвара Эдуардовна |
|
| 942 | _cBOOK | ||
| 980 | _aNBR | ||
| 980 | _aNB | ||